Building new homes on used land (Record no. 100709)

MARC details
000 -LEADER
fixed length control field 00686cam a2200265 4500
008 - FIXED-LENGTH DATA ELEMENTS--GENERAL INFORMATION
fixed length control field 000000n2000 000 0 eng u
020 ## - INTERNATIONAL STANDARD BOOK NUMBER
International Standard Book Number 1842190261
035 ## - SYSTEM CONTROL NUMBER
System control number (Sirsi) u107676
050 ## - LIBRARY OF CONGRESS CALL NUMBER
Classification number 333.73
100 ## - MAIN ENTRY--PERSONAL NAME
Personal name Syms, Paul
245 ## - TITLE STATEMENT
Title Building new homes on used land
260 ## - PUBLICATION, DISTRIBUTION, ETC.
Place of publication, distribution, etc. London
Name of publisher, distributor, etc. RICS
Date of publication, distribution, etc. 2000
300 ## - PHYSICAL DESCRIPTION
Extent viii, 110p. ; 30cm.
650 ## - SUBJECT ADDED ENTRY--TOPICAL TERM
Topical term or geographic name entry element CONTAMINATED LAND
650 ## - SUBJECT ADDED ENTRY--TOPICAL TERM
Topical term or geographic name entry element BROWNFIELD SITES
650 ## - SUBJECT ADDED ENTRY--TOPICAL TERM
Topical term or geographic name entry element Environment
9 (RLIN) 6238
650 ## - SUBJECT ADDED ENTRY--TOPICAL TERM
Topical term or geographic name entry element PLANNING
650 ## - SUBJECT ADDED ENTRY--TOPICAL TERM
Topical term or geographic name entry element REDEVELOPMENT
650 ## - SUBJECT ADDED ENTRY--TOPICAL TERM
Topical term or geographic name entry element HOUSING DEVELOPMENT
650 ## - SUBJECT ADDED ENTRY--TOPICAL TERM
Topical term or geographic name entry element LANDFILL SITES
650 ## - SUBJECT ADDED ENTRY--TOPICAL TERM
Topical term or geographic name entry element DEVELOPMENT
700 ## - ADDED ENTRY--PERSONAL NAME
Personal name Knight
Numeration Peter
710 ## - ADDED ENTRY--CORPORATE NAME
Corporate name or jurisdiction name as entry element Joseph Rowntree Foundation
9 (RLIN) 2318
942 ## - ADDED ENTRY ELEMENTS (KOHA)
Suppress in OPAC 0
Holdings
Withdrawn status Lost status Source of classification or shelving scheme Damaged status Not for loan Home library Current library Shelving location Date acquired Total Checkouts Full call number Barcode Date last seen Copy number Price effective from Koha item type Date last checked out
    Dewey Decimal Classification     London London RICS Boxes 10/10/2000   RICS 2000/54 30062354 06/08/2019 1 06/08/2019 Archive  
    Dewey Decimal Classification     London London RICS Boxes 10/10/2000   RICS 2000/54 30062355 06/08/2019 2 06/08/2019 Reference material  
    Dewey Decimal Classification     London London RICS Boxes 10/10/2000 18 RICS 2000/54 30062357 06/08/2019 4 06/08/2019 Book 10/12/2003